000 00516nam a2200217Ia 4500
003 OSt
005 20221005120305.0
006 a|||||r|||| 00| 0
007 ta
008 221004b |||||||| |||| 00| 0 snd d
024 _a6817
037 _cTextual
040 _aCRL
_cCRL
_bsnd
041 _2snd
_asnd
082 _aO1593,3NISx, L3
100 _aIsrani
_9628938
245 0 _aDoctor Madan
260 _c1973
942 _hO1593,3NISx, L3
_cTEXL
_2cc
999 _c1037558
_d1037558